| 000 | 00790cab a2200265 4500 | ||
|---|---|---|---|
| 001 | WB2813-42 | ||
| 008 | 090401t1992 xxu||||| |||| 00| 0 eng d | ||
| 035 | _a(Sirsi) u63983 | ||
| 041 | _aeng | ||
| 245 | _aLeicester makes City Challenge bid | ||
| 260 | _c1992 | ||
| 350 | _a0 | ||
| 490 |
_aFinancial Times _v21 March 1992, 5(1) |
||
| 520 | _aLeicester City Council is taking part in the second round of City Challenge and is drawing up proposals to submit to the DoE for regeneration of the Bede Island area of the city. | ||
| 650 | _aBEDE ISLAND | ||
| 650 | _aCITY CHALLENGE | ||
| 650 | _aGRANTS | ||
| 650 | _aINNER CITIES | ||
| 650 | _aLEICESTER | ||
| 650 | _aPARTNERSHIP | ||
| 650 | _aPRIVATE SECTOR | ||
| 690 | _aURBAN RENEWAL | ||
| 942 | _n0 | ||
| 948 | _c04/03/1997 | ||
| 999 |
_c39818 _d39818 |
||